Estudio del puente sobre el Río colorado
Sparad:
| Huvudupphovsman: | |
|---|---|
| Materialtyp: | Okänd |
| Publicerad: |
[San José, Costa Rica]
1970
|
| Ämnen: | |
| Taggar: |
Lägg till en tagg
Inga taggar, Lägg till första taggen!
|
MARC
| LEADER | 00000 a2200000 4500 | ||
|---|---|---|---|
| 003 | 011345 | ||
| 005 | 20221231143816.0 | ||
| 008 | 140114s1970 c a m 000 ||s d | ||
| 040 | |c cru CEDI | ||
| 090 | |a TFG 415 | ||
| 100 | |a Rojas Solano, Sergio |9 17908 | ||
| 245 | |a Estudio del puente sobre el Río colorado | ||
| 260 | |c 1970 |a [San José, Costa Rica] | ||
| 300 | |a 70 hojas : ilustraciones (1 plegables) ; 28 cm | ||
| 500 | |a Tesis (Ingeniero Civil) Universidad de Costa Rica | ||
| 501 | |a Ed. mimeografiada. | ||
| 650 | |x CONSTRUCCION DE PUENTES |x RIO COLORADO (ESTADOS UNIDOS) - PUENTES |9 17909 | ||
| 942 | |c TFG | ||
| 999 | |c 12302 |d 12302 | ||
